Blanton Museum of Art (Record no. 564)

MARC details
000 -CABECERA
campo de control de longitud fija 00802nam a2200241 a 4500
001 - NÚMERO DE CONTROL
campo de control BRCA_648
005 - FECHA Y HORA DE LA ÚLTIMA TRANSACCIÓN
campo de control 20190320203108.0
008 - DATOS DE LONGITUD FIJA--INFORMACIÓN GENERAL
campo de control de longitud fija 051021s2006####u--a#####c---s001-0#eng-d
020 ## - NÚMERO INTERNACIONAL ESTÁNDAR DEL LIBRO
Número Internacional Estándar del Libro 0977145328
040 ## - FUENTE DE LA CATALOGACIÓN
Centro catalogador/agencia de origen IXA
Centro/agencia transcriptor IXA
Centro/agencia modificador BAKER
041 ## - CÓDIGO DE LENGUA
Código de lengua del texto/banda sonora o título independiente eng
044 ## - CÓDIGO DEL PAÍS DE LA ENTIDAD EDITORA/PRODUCTORA
Código MARC del país u
050 #4 - SIGNATURA TOPOGRÁFICA DE LA BIBLIOTECA DEL CONGRESO
Número de clasificación N514.B5
Número de documento/Ítem .B53 2006
245 10 - MENCIÓN DE TÍTULO
Título Blanton Museum of Art
Resto del título guide to the collection
Mención de responsabilidad, etc. managing editor Sheree Scarborough.
260 ## - PUBLICACIÓN, DISTRIBUCIÓN, ETC.
Lugar de publicación, distribución, etc. [Austin, Texas]
Nombre del editor, distribuidor, etc. Blanton Museum of Art : The University of Texas at Austin
Fecha de publicación, distribución, etc. 2006
300 ## - DESCRIPCIÓN FÍSICA
Extensión 256 p.
Otras características físicas il. a color
Dimensiones 26 cm.
500 ## - NOTA GENERAL
Nota general Incluye índice de artistas
500 ## - NOTA GENERAL
Nota general 2do. ejemplar en el Área de Investigación
610 24 - PUNTO DE ACCESO ADICIONAL DE MATERIA--NOMBRE DE ENTIDAD CORPORATIVA
Nombre de entidad corporativa o nombre de jurisdicción como elemento de entrada Blanton Museum of Art (Texas)
Subdivisión de forma Guías
9 (RLIN) 2175
650 14 - PUNTO DE ACCESO ADICIONAL DE MATERIA--TÉRMINO DE MATERIA
Término de materia o nombre geográfico como elemento de entrada Arte
Subdivisión de forma Catálogos
Subdivisión geográfica Texas
9 (RLIN) 2176
700 1# - PUNTO DE ACCESO ADICIONAL--NOMBRE DE PERSONA
Nombre de persona Scarborough, Sheree
9 (RLIN) 2177
942 ## - ELEMENTOS DE PUNTO DE ACCESO ADICIONAL (KOHA)
Fuente del sistema de clasificación o colocación Library of Congress Classification
Tipo de ítem Koha Libros
Holdings
Estado de retiro Estado de pérdida Estado dañado No para préstamo Localización permanente Ubicación/localización actual Fecha de adquisición Total de préstamos Signatura topográfica completa Código de barras Fecha visto por última vez Precio válido a partir de Tipo de ítem Koha Código de colección
El ejemplar forma parte de la colección y puede ser consultado según las políticas vigentes.       Biblioteca del Museo Franz Mayer (Rogerio Casas-Alatriste) Biblioteca del Museo Franz Mayer (Rogerio Casas-Alatriste) 25/06/2008   N514.B5 .B53 2006 00977 22/03/2019 22/03/2019 Libros  
El ejemplar forma parte de la colección y puede ser consultado según las políticas vigentes.       Biblioteca del Museo Franz Mayer (Rogerio Casas-Alatriste) Biblioteca del Museo Franz Mayer (Rogerio Casas-Alatriste) 02/02/2012   N514.B5 .B53 2006 02578 22/03/2019 22/03/2019 Libros Acervo General